| 000 | 00692nam a2200217 a 4500 | ||
|---|---|---|---|
| 001 | 000010601 | ||
| 005 | 20200929162245.0 | ||
| 008 | 091008s2005 dr 000 p spa d | ||
| 020 | _a9993449210 | ||
| 040 |
_aDO-SdBNP _bspa _cBNPHU |
||
| 082 |
_aRD861.44 _bP259c |
||
| 100 | 1 |
_aParra, Carmen, _d1966- _925679 |
|
| 245 | 1 | 3 |
_aEl cuarto rojo : _bpoemario 1980-2004 / _cCarmen Parra. |
| 260 |
_aSanto Domingo : _bGente, _c2005. |
||
| 300 |
_a83 p. ; _c21 cm. |
||
| 500 | _aIncluye datos biográficos de la autora en la solapa | ||
| 590 | _aInventariado, 2018/LP | ||
| 650 | 4 |
_aPoesÃa domincana _925680 |
|
| 650 | 4 |
_aLiteratura domincana _925681 |
|
| 910 | _aValidado. Control de calidad BNPHU | ||
| 999 |
_c10359 _d10359 |
||